00547nam a2200169Ia 4500100003000000650002600030942000700056366000700063654001500070245005300085260003600138082001400174300000800188546001700196999001700213952014700230 aMandal/Mrinal/ Asif/Amir  aDiscrete time signals cBK f25 acontinuous aContinuous and Discrete time signals and systems bCambride University pressc2007 a3.83bMAN a865 aENGLISHcTTL c32630d32630 001040708CRCaCRCEbCRCEd2023-03-17eDharma Enterprisesg521.25i524 dt 29/04/2010l0o3.83 MANp20540r2023-03-17v695.00w0000-00-00yBK